| 000 | 00553nam a2200241 a 4500 | ||
|---|---|---|---|
| 001 | nice12345678 | ||
| 003 | IN_TiNIC | ||
| 005 | 20260116011416.0 | ||
| 008 | 050524s1895 teha grp 000 0 per | ||
| 020 |
_a _c100 |
||
| 082 | 0 | 0 |
_a955.03 _bBIS |
| 100 | _aBistami, Fazil | ||
| 245 | _aFirdausat Tawarikh | ||
| 260 |
_aTehran _bNo Publisher _c1895 |
||
| 300 | _a00p | ||
| 500 | _aincludes index and biblioraphy | ||
| 505 | 2 | _aIndex | |
| 650 | _aIran-History | ||
| 700 | 1 | _aBistami, Fazil | |
| 902 | _bSRS | ||
| 942 | _cBK | ||
| 999 |
_c1268 _d1268 |
||